000 00685nam a2200181Ia 4500
008 151018s9999 xx 000 0 und d
082 _bRBASDV34927
_a891.464
100 _aज्योतिबा फुले
245 _aब्राम्हणाचे कसब व इतर लेख
250 _b1
260 _bरघुवंशी प्रकाशन
300 _a160
600 _aज्योतिबा फुले
630 _aब्राम्हणाचे कसब व इतर लेख
700 _aज्योतिबा फुले
730 _aब्राम्हणाचे कसब व इतर लेख
942 _cBOOK
999 _c1034409
_d1034406